Harry Potter Debuts Quiz Stats

 Plays Quiz Updated Feb 14, 2018

Score 0/51 Timer 06:00
4 Plays Today
Actor Movie % Correct
Kenneth Branagh???
91.5%
Robbie Coltrane???
89.1%
Tom Felton???
88.3%
Warwick Davis???
85.9%
Rupert Grint???
85%
John Cleese???
85%
Richard Griffiths???
84.2%
Jim Broadbent???
82.2%
Richard Harris???
81%
John Hurt???
79.9%
Matthew Lewis???
79.4%
Maggie Smith???
77.4%
Daniel Radcliffe???
77.3%
Alan Rickman???
77.3%
Stanislav Ianevski???
76.6%
Emma Watson???
76.6%
Brendan Gleeson???
75.6%
Toby Jones???
73.5%
Clémence Poésy???
72.2%
Gary Oldman???
70.2%
Julian Glover???
70.1%
Robert Pattinson???
69.9%
David Thewlis???
69%
Imelda Staunton???
68.8%
Bonnie Wright???
68.5%
Miranda Richardson???
67.3%
Actor Movie % Correct
Timothy Spall???
66%
David Tennant???
64.8%
Natalia Tena???
62.8%
Hugh Mitchell???
60.8%
Helena B. Carter???
59.7%
George Harris???
58.6%
Jason Isaacs???
58.1%
Emma Thompson???
57.2%
Julie Christie???
56.5%
Hazel Douglas???
56.4%
Evanna Lynch???
56.1%
Ralph Fiennes???
55.8%
Michael Gambon???
54.2%
Katie Leung???
53.3%
Rhys Ifans???
46.1%
Guy Henry???
45.9%
Kelly Macdonald???
42.9%
Bill Nighy???
40.5%
Dave Legeno???
39.7%
Peter Mullan???
39.2%
Helen McCrory???
35.7%
Robert Knox???
33.7%
Robert Hardy???
30%
Ciarán Hinds???
30%
Andy Linden???
18.6%

You're not logged in!

Compare scores with friends on all Sporcle quizzes.
OR
Log In

Sporcle TV

Today on Sporcle TV


Watch our educational content, quiz creation guides, and fun videos on Sporcle TV.

Show Comments

Extras

Top Quizzes Today


Score Distribution

Your Account Isn't Verified!

In order to create a playlist on Sporcle, you need to verify the email address you used during registration. Go to your Sporcle Settings to finish the process.

Report this User

Report this user for behavior that violates our Community Guidelines.

Details: